000 00852nam a2200217 4500
001 143098
003 ES-MaACL
005 20230906200725.0
007 t|
008 070214s1984 sp r ||||1| spa d
100 1 _aSelma Domingo, Francisco.
_9105342
245 1 0 _aMatemáticas empresariales /
_cFrancisco Selma Domingo.
250 _a4ª ed. act. y ampl.
_bcon la colaboración de Amparo Selma Mendoza.
260 _aMadrid :
_bAlhambra,
_c1984.
300 _a2 v. ;
_c24 cm.
500 _aContiene: Parte 1ª . Matemáticas comerciales : 2º F. P. 2 : rama administrativa y comercial -------- Parte 2ª . Matemáticas financieras : 3º F. P. 2 : rama administrativa y comercial.
700 1 _aSelma Mendoza, Amparo.
_9105343
740 0 _aMatemáticas comerciales.
740 0 _aMatemáticas financieras.
852 _aES-MaACL
_jL-10239-40
999 _c143098
_d143098